01610nam a2200349 a 4500001001000000003000500010005001700015008004100032010001100073011001100084040000900095090001000104100003800114245023300152260004100385500006000426502006900486590004100555590004000596590004000636650004000676650006500716650003700781650005400818856007000872901000700942942001000949942000600959999001900965952014000984952013601124000112476CHAP20220329144308.0160418s2016 mx sm |||||||spa d a108937 a109909 cCHAP aTesis1 aVelázquez Silva, Aidé913077910aCaracterización morfológica, patogénica y molecular de colletotrichum spp. obtenidos de frutos de pimienta gorda (pimienta dioica L. Merrill.) en el Estado de Veracruz, Méxicoh[En línea]cpor Aidé Velázquez Silva. aChapingo, Méx. :bEl autor,c2016. aPara ver el contenido del material haga clic en la liga aTesis (Ing. Forestal) -- UACH. División de Ciencias Forestales aBATCH-UPDb05c20160418lUCH01h1122 aE5765TAJb05c20160418lUCH01h1121 aE5765TAJb05c20160418lUCH01h112114aAntracnosis de la pimienta.913078114aHongos fitopatógenosxFisiología y morfología.912660714aHongosxIdentificación.95610514aPimienta dioicaxEnfermedades por hongos.9130780 aFinding aiduhttp://10.13.5.2/tesis/sist112476.pdfzTeclea aquí aBK cTESIS n0 c108937d108937 00102local4053708TESISaBCbBCcPA_TESISd2016-04-18fTESISl0oTesisp33724002521728r2019-12-31 00:00:00tc.2w2019-12-31yTESIS 00104054718TESISaBCbBCd2016-04-18fTESISl0oTesisp33724002521769r2019-12-31 00:00:00w2019-12-31yTESISzRecien adquirido